A finite elements primer for beginners: the basics

Guardat en:
Dades bibliogràfiques
Autor principal: Zohdi, Tarek I (Autor)
Format: Llibre
Idioma:anglès
Publicat: Heidelberg Springer 2015
Edició:1a. ed
Matèries:
Etiquetes: Afegir etiqueta
Sense etiquetes, Sigues el primer a etiquetar aquest registre!

MARC

LEADER 00000cam a2200000 a 4500
001 UCE9435
003 CL-VaPUC
008 151022e20150000gw |||||||||||||||||eng|d
020 |a 9783319090351 
082 0 4 |a 515.624  |b ZOH  |2 21 
100 0 |a Zohdi, Tarek I  |e author  |9 582269 
245 1 2 |a A finite elements primer for beginners: the basics 
250 |a 1a. ed 
300 |a 108 p 
942 |c BK 
945 |d 20151022 17:18:00  |a dcastane 
260 |a Heidelberg  |b Springer  |c 2015 
650 7 |a ELEMENTOS FINITOS  |2 CL-VaPUC  |9 423815 
650 0 |a Análisis numérico   |9 259387 
650 7 |a INTEGRACION NUMERICA  |2 CL-VaPUC  |9 582270 
583 |a last modification  |c 20151022 17:18:00  |k Rodrigo Vera 
999 |c 361099  |d 361097 
952 |0 0  |1 0  |3 erb  |4 0  |6 515_624000000000000_ZOH_2015  |7 0  |8 A  |9 471423  |a BIBMAT  |b BIBMAT  |i 5244412  |o 515.624 ZOH 2015  |p 5244412  |r 2025-01-07  |w 2019-11-24  |y BK  |z Catalogado en:20151022  |k MAT